Central Library OPAC University of Rajshahi

Mohammed / (Record no. 82644)

MARC details
000 -LEADER
fixed length control field 00756nam a2200241 a 4500
001 - CONTROL NUMBER
control field 82644
003 - CONTROL NUMBER IDENTIFIER
rucl marc code BD-RjUL
005 - DATE AND TIME OF LATEST TRANSACTION
control field 20240116142928.0
008 - FIXED-LENGTH DATA ELEMENTS--GENERAL INFORMATION
fixed length control field 240116r18951892enk||||| |||| 00| 0 eng d
035 ## - SYSTEM CONTROL NUMBER
System control number (BD-RjUL)82644
040 ## - CATALOGING SOURCE
Original cataloging agency BD-RjUL
Language of cataloging eng
Transcribing agency BD-RjUL
041 ## - LANGUAGE CODE
Language code of text/sound track or separate title eng
082 ## - DEWEY DECIMAL CLASSIFICATION NUMBER
Edition number 23
Classification number 297.63
Author mark and year GRM 1895
100 ## - MAIN ENTRY--PERSONAL NAME
Personal name Grimme, Hubert
9 (RLIN) 10876
245 ## - TITLE STATEMENT
Title Mohammed /
Statement of responsibility, etc. Hubert Grimme
260 ## - PUBLICATION, DISTRIBUTION, ETC. (IMPRINT)
Place of publication, distribution, etc. Münster,
Name of publisher, distributor, etc. Aschendorff,
Date of publication, distribution, etc. 1892-1895
300 ## - PHYSICAL DESCRIPTION
Pagination 2 v.;
Size 25 cm.
490 ## - SERIES STATEMENT
Series statement Darstellung aus dem Gebiete der nichtchristlichen Religionsgeschichte, 7, 11
505 01 - FORMATTED CONTENTS NOTE
Formatted contents note Vol.1--Vol.2--
600 ## - SUBJECT ADDED ENTRY--PERSONAL NAME
Personal name Muḥammad, Prophet, -632
830 ## - SERIES ADDED ENTRY--UNIFORM TITLE
Uniform title Darstellung aus dem Gebiete der nichtchristlichen Religionsgeschichte, 7, 11
942 ## - ADDED ENTRY ELEMENTS (KOHA)
Source of classification or shelving scheme Dewey Decimal Classification
Koha item type Rare Books
Holdings
Lost status Source of classification or shelving scheme Damaged status Not for loan Collection code Permanent Location Current Location Shelving location Date acquired Source of acquisition Cost, normal purchase price Full call number Date last seen Copy number Koha item type Total Checkouts
  Dewey Decimal Classification   Not For Loan Non-fiction Central Library, University of Rajshahi Central Library, University of Rajshahi Rare Book Section 30/03/1963 Zeitlinger 52.50 RA 297.63 GRM V-1 1892 16/01/2024 C-1 Rare Books  
  Dewey Decimal Classification   Not For Loan Non-fiction Central Library, University of Rajshahi Central Library, University of Rajshahi Rare Book Section 30/03/1963 Zeitlinger 52.50 RA 297.63 GRM V-2 1895 16/01/2024 C-1 Rare Books